000 00269nam a22001217a 4500
020 _a9789382036678
082 _a631.46
_bAGG/SO
100 _aAggarwal,R.M
_9974
245 _aSoil Microbiology
260 _aNew Delhi
_bBlack Prints
_c2014
300 _a286
942 _cBK
999 _c14562
_d14562